Other voices (Record no. 988468)

MARC details
000 -LEADER
fixed length control field 00847nam a2200265Ia 4500
003 - CONTROL NUMBER IDENTIFIER
control field OSt
005 - DATE AND TIME OF LATEST TRANSACTION
control field 20221005081921.0
008 - FIXED-LENGTH DATA ELEMENTS--GENERAL INFORMATION
fixed length control field 221004b |||||||| |||| 00| 0 eng d
020 ## - INTERNATIONAL STANDARD BOOK NUMBER
International Standard Book Number 9780761936022 (hbk)
037 ## - SOURCE OF ACQUISITION
Terms of availability Textual
040 ## - CATALOGING SOURCE
Original cataloging agency CRL
Transcribing agency CRL
Language of cataloging eng
041 ## - LANGUAGE CODE
Source of code eng
Language code of text/sound track or separate title eng
100 ## - MAIN ENTRY--PERSONAL NAME
Personal name Pavarala Vinod
9 (RLIN) 137938
245 #0 - TITLE STATEMENT
Title Other voices
Remainder of title The struggle for community radio in India
260 ## - PUBLICATION, DISTRIBUTION, ETC.
Place of publication, distribution, etc. New Delhi
Name of publisher, distributor, etc. Sage Publications India
Date of publication, distribution, etc. 2007
300 ## - PHYSICAL DESCRIPTION
Extent 318p.
Dimensions cm.
650 ## - SUBJECT ADDED ENTRY--TOPICAL TERM
Topical term or geographic name entry element ENGINEERING
700 ## - ADDED ENTRY--PERSONAL NAME
Personal name Malik Kanchan K.
9 (RLIN) 611400
942 ## - ADDED ENTRY ELEMENTS (KOHA)
Classification part D65,43.2, P7
Koha item type Textual
Source of classification or shelving scheme
Holdings
Withdrawn status Lost status Damaged status Not for loan Home library Current library Date acquired Source of acquisition Cost, normal purchase price Total Checkouts Full call number Barcode Date last seen Cost, replacement price Price effective from Koha item type
        Central Library Central Library 2022-10-05 299, 22/02/2008, Bhartiya Sahitya Bhawan 450.00   D65,43.2 P7 CL1384422 2022-10-05 450.00 2022-10-05 Textual
Copyright @ Delhi University Library System